Number theory Carbondale 1979
Αποθηκεύτηκε σε:
| Κύριος συγγραφέας: | |
|---|---|
| Μορφή: | Βιβλίο |
| Γλώσσα: | Αγγλικά |
| Έκδοση: |
Berlín
Springer-Verlag
1979
|
| Σειρά: | Lecture Notes in Mathematics, 751
|
| Θέματα: | |
| Ετικέτες: |
Προσθήκη ετικέτας
Δεν υπάρχουν, Καταχωρήστε ετικέτα πρώτοι!
|
MARC
| LEADER | 00000nam a2200000 a 4500 | ||
|---|---|---|---|
| 001 | UCP1652 | ||
| 003 | CL-VaPUC | ||
| 005 | 20230712094024.0 | ||
| 008 | 990416e19790000gw 1 eng d | ||
| 082 | 0 | 4 | |a 512.7 |b NAT |2 21 |
| 100 | 1 | |a Nathanson, Melvin B |e author |9 619414 | |
| 245 | 1 | 0 | |a Number theory Carbondale 1979 |
| 260 | |a Berlín |b Springer-Verlag |c 1979 | ||
| 300 | |a 342 p | ||
| 490 | 0 | |a Lecture Notes in Mathematics, 751 | |
| 583 | |a last modification |c 19990416 00:00:00 |k Rodrigo Vera | ||
| 650 | 0 | 0 | |a Teoría de números |9 265327 |
| 650 | 0 | 7 | |a COMBINATORIA |2 CL-VaPUC |9 392344 |
| 650 | 0 | 7 | |a FRACCIONES CONTINUAS |2 CL-VaPUC |9 271097 |
| 650 | 0 | 0 | |a Congresos |9 257560 |
| 942 | |c BK | ||
| 945 | |a crobeson |d 19990416 00:00:00 | ||
| 546 | |a En Inglés | ||
| 518 | |p Number Theory Conference, Carbondale, 30 y 31 de marzo de 1979 | ||
| 999 | |c 383387 |d 383385 | ||
| 952 | |0 0 |1 0 |4 0 |6 512_700000000000000_NAT_1979 |7 0 |8 A |9 505491 |a BIBMAT |b BIBMAT |d 2020-01-23 |i 1343858 |o 512.7 NAT 1979 |p 1343858 |r 2025-01-07 |w 2020-01-23 |y BK |k MAT | ||